书目信息 |
| 题名: |
基础生物信息学及应用
|
|
| 作者: | 蒋彦 , 李刚 , 曹毅 编著 | |
| 分册: | ||
| 出版信息: | 北京 清华大学出版社 2003.11 |
|
| 页数: | 255页, [16] 页图版 | |
| 开本: | 26cm | |
| 丛书名: | ||
| 单 册: | ||
| 中图分类: | Q811.4 | |
| 科图分类: | ||
| 主题词: | 生物信息论--sheng wu xin xi lun | |
| 电子资源: | ||
| ISBN: | 7-302-06701-5 | |
| 000 | 00929nam0 2200265 450 | |
| 001 | 0175049718 | |
| 005 | 20051025092708.75 | |
| 010 | @a7-302-06701-5@dCNY28.00 | |
| 100 | @a20050424d2003 km y0chiy0120 ea | |
| 101 | 0 | @achi |
| 102 | @aCN@b110000 | |
| 105 | @aaf a 000yy | |
| 200 | 1 | @a基础生物信息学及应用@Aji chu sheng wu xin xi xue ji ying yong@f蒋彦 … [等] 编著@Fjiang yan…[deng]bian zhu |
| 210 | @a北京@c清华大学出版社@d2003.11 | |
| 215 | @a255页, [16] 页图版@c图 (部分彩图)@d26cm | |
| 304 | @a题名页责任者还有王小行, 刘敏, 李刚,曹毅。 | |
| 320 | @a有书目 (第217-221页)。 | |
| 330 | @a本书内容分为前言、绪论、核算序列分析、蛋白质序列分析、科技信息的检索和附录6部分。 | |
| 606 | 0 | @a生物信息论@Asheng wu xin xi lun |
| 690 | @aQ811.4@v4 | |
| 701 | 0 | @a蒋彦@Ajiang yan@4编著 |
| 701 | 0 | @a李刚@Ajiang yan@4编著 |
| 701 | 0 | @a曹毅@Ajiang yan@4编著 |
| 801 | 0 | @aCN@bQSSK@c20051025 |
| 905 | @a10447@dQ811.4@eJ605 | |
| 基础生物信息学及应用/蒋彦 … [等] 编著.-北京:清华大学出版社,2003.11 |
| 255页, [16] 页图版:图 (部分彩图);26cm |
| ISBN 7-302-06701-5:CNY28.00 |
| 本书内容分为前言、绪论、核算序列分析、蛋白质序列分析、科技信息的检索和附录6部分。 |
| ● |
| 相关链接 |
|
|
|
正题名:基础生物信息学及应用
索取号:Q811.4/J605
 
预约/预借
| 序号 | 登录号 | 条形码 | 馆藏地/架位号 | 状态 | 备注 |
| 1 | 573052 | 205730529 | 自科库401/401自科库 32排3列2层/ [索取号:Q811.4/J605] | 在馆 | |
| 2 | 573053 | 205730538 | 自科库401/401自科库 32排3列2层/ [索取号:Q811.4/J605] | 在馆 | |
| 3 | 573054 | 205730547 | 自科库401/401自科库 32排3列2层/ [索取号:Q811.4/J605] | 在馆 |